| 000 | 00451nam a2200193Ia 4500 | ||
|---|---|---|---|
| 008 | 170918s9999 xx 000 0 und d | ||
| 020 | _a9780545837637 | ||
| 050 | _bS425wh 2015 | ||
| 100 | _aScott, Kieran | ||
| 245 | _aWhat waits in the woods / | ||
| 245 | _cby Kieran Scott. | ||
| 260 | _aNew York : | ||
| 260 | _bScholastic, | ||
| 260 | _c2015 | ||
| 300 | _a270 pages : | ||
| 300 | _billustrations : | ||
| 300 | _c20cm. | ||
| 500 | _a680 | ||
| 999 |
_c344147 _d344147 |
||